| 000 | 00634nam a2200193Ia 4500 | ||
|---|---|---|---|
| 003 | GCL | ||
| 008 | 140319s9999 xx 000 0 ara d | ||
| 040 |
_aGCL / _cGCL |
||
| 082 | 0 | 4 |
_a959.6 _bام |
| 100 | 1 | _aمحمد يحيى (مقدم) | |
| 245 | 1 | 0 |
_aمحنة الاسلام فى اندونيسيا / _cمحمد يحيى (مقدم) |
| 700 | 1 | _aاسماعيل صادق | |
| 260 |
_a[S.N] : _bالزهراء للاعلام العربى ، _c1989 |
||
| 300 | _a207 ص | ||
| 490 | _a | ||
| 650 | 0 | 4 | _aاندونيسيا تاريخ العصر الاسلامى |
| 650 | 0 | 4 | _aالاسلام فى اندونيسيا |
| 942 |
_2ddc _cBK |
||
| 999 |
_c55664 _d55664 |
||